Manual de formació municipal / Centre d'Estudis Urbanístics, Municipals i Territorials
Descripción Física:
382 p. ; 20 cm
MARC
| LEADER | 00000nam a2200000Ia 4500 | ||
|---|---|---|---|
| 001 | 1487 | ||
| 008 | 160829s1984 xx 000 0 cat d | ||
| 080 | |a M-2-311 | ||
| 245 | |a Manual de formació municipal / Centre d'Estudis Urbanístics, Municipals i Territorials | ||
| 260 | |a Barcelona : |b Generalitat de Catalunya. Departament de Governació, |c 1984 | ||
| 300 | |a 382 p. ; |c 20 cm | ||
| 650 | 0 | |a Municipis |x Govern i administració |9 22275 | |
| 650 | 0 | |a Serveis municipals |9 42282 | |
| 710 | 2 | |a Centre d'Estudis Urbanístics, Municipals i Territorials |9 55007 | |
| 901 | |a Arxiu | ||
| 942 | |n 1 | ||
| 952 | |0 0 |1 0 |4 0 |6 M2311 |7 1 |9 46132 |a Arxiu |b Arxiu |d 2016-12-01 |l 0 |o M-2-311 |p 1487 |r 2016-12-01 00:00:00 |w 2016-12-01 |y ARXIU | ||
| 999 | |c 49634 |d 49634 | ||